Language and politics in India / (Record no. 38002)

MARC details
000 -LEADER
fixed length control field 00792nam a22002177a 4500
005 - DATE AND TIME OF LATEST TRANSACTION
control field 20100727164336.0
010 ## - LCCN (DPL NO)
LC control number ENG-96914
020 ## - INTERNATIONAL STANDARD BOOK NUMBER
International Standard Book Number 0198064225
Terms of availability 395.00
020 ## - INTERNATIONAL STANDARD BOOK NUMBER
International Standard Book Number 9780198064220
Terms of availability 395.00
035 ## - SYSTEM CONTROL NUMBER
System control number EN-80447
037 ## - SOURCE OF ACQUISITION
Source of stock number/acquisition DBAD/PUB
082 ## - DEWEY DECIMAL CLASSIFICATION NUMBER
Classification number 409.54
245 ## - TITLE STATEMENT
Title Language and politics in India /
Statement of responsibility, etc edite by Asha Sarangi
260 ## - PUBLICATION, DISTRIBUTION, ETC. (IMPRINT)
Place of publication, distribution, etc New Delhi
Name of publisher, distributor, etc Oxford University Press
Date of publication, distribution, etc 2009
270 ## - ADDRESS
Address YMCA Library Building, Jai Singh Road,
City New Delhi
Postal code 110001
300 ## - PHYSICAL DESCRIPTION
Extent xvi, 431p.:
Other physical details ill.
Dimensions 21cm, (pbk)
Accompanying material b&w photos
500 ## - GENERAL NOTE
General note includes bibliography
700 ## - ADDED ENTRY--PERSONAL NAME
Personal name Sarangi Asha
9 (RLIN) 1961
942 ## - ADDED ENTRY ELEMENTS (KOHA)
Source of classification or shelving scheme Dewey Decimal Classification
Item type English Books
Classification part 409.54
Call number suffix LAN
Holdings
Withdrawn status Lost status Not for loan Collection code Home library Current library Date acquired Source of acquisition Cost, normal purchase price Full call number Barcode Copy number Cost, replacement price Koha item type
    Not For Loan Non-fiction D.B.Act.Division D.B.Act.Division 27/07/2010 DBAD/PUB 395.00 409.54 LAN EN-80447 1 395.00 English Books

© Delhi Public Library
Hit Counter
free hit counter